000 00285cam a22000977a 4500
008 180718b1962 xxu||||| |||| 00| 0 eng d
082 _aN124x73 Un3
245 _aMilitary justice handbook: the trial counsel and the defense counsel
260 _aWashington, D.C.
_b
_c1962
300 _a144p.
999 _c493836
_d493836